Arte gotico en espa¥a. (folleto) /

Guardado en:
Formato: Libro
Publicado: Espa¤a : , 0
Materias:
Fc
Etiquetas: Agregar Etiqueta
Sin Etiquetas, Sea el primero en etiquetar este registro!
LEADER 00439nam a22001695a 4500
001 CEM.cems010195
005 20060214000000.0
008 130507b######################000#0#####d
003 CEMS
082 0 4 |a F709 
245 0 0 |a Arte gotico en espa¥a. (folleto) / 
260 |a Espa¤a :  |b , 0 
300 |a 63 p. 
653 |a Arte gotico en espa¥a 
653 |a Arte-espa¥a 
653 |a Fc 
859 |a CEMS  |b BIB. CEMS - 11 de abril  |h F709  |i 29  |p 1666.44  |t Ej.1